Mít vše hotovo : umění produktivity bez stresu /
Metoda GTD (Getting Things Done) nabízí ucelený systém rad a nápadů, jak si pracovní úkoly utřídit a naplánovat tak, aby jejich plnění nepřinášelo stres a pocity zahlcení prací. Základem je pětistupňové řízení pracovního procesu (shromáždění úkolů či záležitostí k vyřízení, zpracování jejich významu...
Uloženo v:
| Hlavní autor: | |
|---|---|
| Další autoři: | |
| Médium: | E-audiokniha |
| Jazyk: | Czech |
| Vydáno: |
V Brně :
Jan Melvil Publishing,
2016
|
| Vydání: | Vydání druhé, přepracované |
| Edice: | Žádná velká věda
|
| Témata: | |
| On-line přístup: | Plný text - pro registrované uživatele NK ČR |
| Tagy: |
Žádné tagy |
| LEADER | 04268cam a2200877 i 4500 | ||
|---|---|---|---|
| 001 | 313451 | ||
| 003 | CZ PrSKC | ||
| 005 | 20260601215743.0 | ||
| 007 | ta | ||
| 008 | 160606s2016 xr e f 001 0 cze d | ||
| 015 | |a cnb002799833 | ||
| 020 | |a 9788075550002 |q (brožováno) | ||
| 035 | |a (OCoLC)956489209 | ||
| 040 | |a KLG001 |b cze |d BOA001 |e rda | ||
| 041 | 1 | |a cze |h eng | |
| 072 | 7 | |a 005 |x Management. Řízení |2 Konspekt | |
| 080 | |a 005.962.11 |2 MRF | ||
| 080 | |a 005.51 |2 MRF | ||
| 080 | |a 005.311.6 |2 MRF | ||
| 080 | |a 159.955.5 |2 MRF | ||
| 080 | |a 159.923.5 |2 MRF | ||
| 080 | |a 17.024.4 |2 MRF | ||
| 080 | |a (035) |2 MRF | ||
| 100 | 1 | |a Allen, David, |d 1945- |7 pna2008467066 |4 aut | |
| 240 | 1 | 0 | |a Getting things done. |l Česky |
| 245 | 1 | 0 | |a Mít vše hotovo : |b umění produktivity bez stresu / |c David Allen ; překlad David Krásenský |
| 246 | 3 | 0 | |a Umění produktivity bez stresu |
| 250 | |a Vydání druhé, přepracované | ||
| 264 | 1 | |a V Brně : |b Jan Melvil Publishing, |c 2016 | |
| 300 | |a 399 stran ; |c 21 cm | ||
| 336 | |a text |b txt |2 rdacontent | ||
| 337 | |a bez média |b n |2 rdamedia | ||
| 338 | |a svazek |b nc |2 rdacarrier | ||
| 490 | 1 | |a Žádná velká věda | |
| 500 | |a Přeloženo z angličtiny | ||
| 500 | |a Terminologický slovník | ||
| 504 | |a Obsahuje bibliografické odkazy a rejstřík | ||
| 520 | 2 | |a Metoda GTD (Getting Things Done) nabízí ucelený systém rad a nápadů, jak si pracovní úkoly utřídit a naplánovat tak, aby jejich plnění nepřinášelo stres a pocity zahlcení prací. Základem je pětistupňové řízení pracovního procesu (shromáždění úkolů či záležitostí k vyřízení, zpracování jejich významu, uspořádání výsledků, hodnocení alternativ a realizace úkolů). Publikace je koncipována jako podrobný průvodce metodou GTD se spoustou praktických příkladů a osvědčených postupů. Měla by pomoci získat kontrolu nad pracovními úkoly, zvýšit výkonnost a přinést uspokojení z efektivně vykonávané práce. | |
| 520 | 2 | |a Příručka z pera zkušeného poradce a kouče představuje metodu efektivního zvládání pracovních povinností. | |
| 650 | 0 | 7 | |a management času |7 ph122602 |2 czenas |
| 650 | 0 | 7 | |a plánování |7 ph382380 |2 czenas |
| 650 | 0 | 7 | |a rozhodování |7 ph125259 |2 czenas |
| 650 | 0 | 7 | |a sebeřízení |7 ph303239 |2 czenas |
| 650 | 0 | 7 | |a úspěch |7 ph128351 |2 czenas |
| 650 | 0 | 9 | |a time management |2 eczenas |
| 650 | 0 | 9 | |a planning |2 eczenas |
| 650 | 0 | 9 | |a decision making |2 eczenas |
| 650 | 0 | 9 | |a self-management |2 eczenas |
| 650 | 0 | 9 | |a success |2 eczenas |
| 655 | 7 | |a příručky |7 fd133209 |2 czenas | |
| 655 | 9 | |a handbooks and manuals |2 eczenas | |
| 700 | 1 | |a Krásenský, David |7 ola2003204828 |4 trl | |
| 830 | 0 | |a Žádná velká věda | |
| 856 | 4 | 1 | |u https://www.bookport.cz/AccountSaml/SignIn/?idp=https%3A%2F%2Fshibboleth.nkp.cz%2Fidp%2Fshibboleth&returnUrl=/kniha/mit-vse-hotovo-2-6873/ |y Plný text - pro registrované uživatele NK ČR |4 N |
| 900 | |a ABA001 |b 20 | ||
| 044 | |a xr | ||
| 505 | 0 | 0 | |t 01_Vitejte (13 min., 33 sek.) |
| 505 | 0 | 0 | |t 02_Nova_praxe_cast_1 (1 hod., 0 min., 33 sek.) |
| 505 | 0 | 0 | |t 03_Zivot_pod_kontrolou (1 hod., 12 min., 28 sek.) |
| 505 | 0 | 0 | |t 04_Tvurci_reseni (1 hod., 0 min., 33 sek.) |
| 505 | 0 | 0 | |t 05_Zaciname_cast_2 (52 min., 18 sek.) |
| 505 | 0 | 0 | |t 06_Sbirani (30 min., 58 sek.) |
| 505 | 0 | 0 | |t 07_Ujasneni (42 min., 23 sek.) |
| 505 | 0 | 0 | |t 08_Usporadani (2 hod., 1 min., 40 sek.) |
| 505 | 0 | 0 | |t 09_Promysleni (33 min., 19 sek.) |
| 505 | 0 | 0 | |t 10_Zapojeni (59 min., 32 sek.) |
| 505 | 0 | 0 | |t 11_Projekty_pod_kontrolou (28 min., 20 sek.) |
| 505 | 0 | 0 | |t 12_Sila_navyku_cast_3 (26 min., 18 sek.) |
| 505 | 0 | 0 | |t 13_Sila_rozhodovani (31 min., 16 sek.) |
| 505 | 0 | 0 | |t 14_Sila_soustredeni (23 min., 17 sek.) |
| 505 | 0 | 0 | |t 15_GTD_a_kognitivni_vida (27 min., 22 sek.) |
| 505 | 0 | 0 | |t 16_Cesta_k_mistrovstvi_GTD (37 min., 9 sek.) |
| 505 | 0 | 0 | |t 17_Zaverem (3 min., 50 sek.) |
| 910 | |a RBIT002 | ||
| 998 | |d 421152 |a https://core.palmknihy.cz/api/books/421152/cover?syh1bt |b https://core.palmknihy.cz/api/books/421152/cover/400?syh1bt |c https://core.palmknihy.cz/api/books/421152/cover/50?syh1bt |e 2026-09-09 |i 9788075550002 |l 43500 |q 49 |r 1 |s https://www.palmknihy.cz/kniha/421152 |t audiobook |y 2017 |z 0 | ||
| 999 | |d 313449 | ||